000 00457nam a2200169Ia 4500
008 230711s9999||||xx |||||||||||||| ||und||
020 _a978-81-203-4931-5
041 _aENG
082 _a621.815
_bAH-ME
100 _aAhmed,Siraj
245 0 _aMechanical Engineering Design : Principles and Concepts
250 _a1st Ed.
260 _c2014
_aNew Delhi
_bPHI Learning Private Limited
300 _a564p.
650 _aMechanical Engineering
942 _cBK
999 _c6643
_d6643